Stations de la Ligne C du tram de Bordeaux (mars 2026) - Statistiques

Statistiques générales
  • Ce quiz a été pris 17 fois
  • Le résultat moyen est 22 sur 30
Statistiques - réponses
Correspondance SNCF / Trams / BEX Stations % Correct
SNCF / D / F / G Gare Saint-Jean
100%
D / E Place de la Bourse
100%
A / B / D / E / F Porte de Bourgogne
100%
B / D / E Quinconces
100%
D / F St Michel
100%
D / F Carle Vernet
89%
SNCF / F Gare de Bègles
89%
E Jardin Public
89%
Parc des Expositions
89%
D / F Tauzia
89%
D / F Belcier
78%
E Paul Doumer
78%
D / F Ste Croix
78%
E Cracovie
67%
E Grand Parc
67%
F La Belle Rose
67%
Les Aubiers
67%
Lycée Vaclav Havel
67%
Parc de Mussonville
67%
E / H Place Ravezies - Le Bouscat
67%
F Stade Musard
67%
Villenave-Centre Pont de la Maye
67%
Villenave Pyrénées
67%
Berges du Lac
56%
F Calais - Centujean
56%
E Camille Godard
56%
E Emile Counord
56%
Quarante Journaux
56%
F Terres Neuves
56%
Palais des Congrès
44%
Aucun quiz correspondant
Distribution des résultats
% des personnes avec chaque résultat
Percentile par nombre de réponses
Votre historique - résultats
Vous n’avez pas pris ce quiz